| 000 | 00000nam 2200000zi 4500 |
| 001 | 9.936366 |
| 003 | CaOODSP |
| 005 | 20240405091638 |
| 006 | m o d f |
| 007 | cr |n||||||||| |
| 008 | 240405e19680115onc|||| o f000 0|eng d |
| 040 | |aCaOODSP|beng|erda|cCaOODSP |
| 043 | |an-cn--- |
| 086 | 1 |aId54-95/1968E-PDF |
| 100 | 1 |aAnderson, G. E., |eauthor. |
| 245 | 10|aVolume of liquid contained in elliptical tanks : |bfilled, partially filled and inclined / |cby Anderson, G.E. |
| 264 | 1|a[Ottawa] : |bDepartment of Trade and Commerce, Standards Branch, |cJanuary 15, 1968. |
| 300 | |a1 online resource (17, 8 unnumbered pages) |
| 336 | |atext|btxt|2rdacontent |
| 337 | |acomputer|bc|2rdamedia |
| 338 | |aonline resource|bcr|2rdacarrier |
| 490 | 0 |aTechnical memorandum (Canada. Department of Trade and Commerce. Standards Branch) ; |vNo. 2 |
| 500 | |aDigitized edition from print [produced by Innovation, Science and Economic Development Canada]. |
| 650 | 0|aWeights and measures|zCanada. |
| 650 | 6|aPoids et mesures|zCanada. |
| 710 | 1 |aCanada. |bDepartment of Trade and Commerce, |eissuing body. |
| 856 | 40|qPDF|s5.20 MB|uhttps://publications.gc.ca/collections/collection_2024/isde-ised/Id54-95-1968-eng.pdf |